[Event "Scarborough CC Jack Frost U1400"]
[Site "Toronto CAN"]
[Date "2012.01.19"]
[Round "3"]
[White "Kaneshalingam, Mathanhe"]
[Black "Mendrinos, Ari"]
[Result "0-1"]
[WhiteElo "1027"]
[BlackElo "1363"]
[PlyCount "101"]
[GameId "2160767909573077"]
[EventDate "2012.01.05"]
[EventType "swiss"]
[EventRounds "6"]
[EventCountry "CAN"]
[SourceTitle "EXT 2022"]
[Source "ChessBase"]
[SourceDate "2021.10.06"]
[SourceVersion "1"]
[SourceVersionDate "2021.10.06"]
[SourceQuality "1"]

1. e4 e6 2. d4 d5 3. e5 c5 4. c3 a6 5. Nf3 Nc6 6. Be3 cxd4 7. cxd4 Bb4+ 8. Nc3 Nge7 9. Qc2 Nf5 10. Bd3 Nxe3 11. fxe3 g6 12. O-O O-O 13. Rae1 f5 14. Qf2 Bxc3 15. bxc3 Qe7 16. Re2 Bd7 17. h4 Rf7 18. Qg3 Rg7 19. Qf4 Rf8 20. Qh6 Nd8 21. Qg5 Qxg5 22. Nxg5 Nf7 23. Nxf7 Rgxf7 24. Rb2 b5 25. Kh2 f4 26. e4 f3 27. g3 dxe4 28. Bxe4 f2 29. Kg2 Kg7 30. Rbxf2 Rxf2+ 31. Rxf2 Rxf2+ 32. Kxf2 h6 33. g4 g5 34. h5 Kf8 35. Ke3 Ke7 36. Kd3 Bc8 37. Bf3 Kd7 38. c4 bxc4+ 39. Kxc4 Kc7 40. Kc5 Bd7 41. d5 exd5 42. Kxd5 Bc6+ 43. Ke6 Bxf3 44. Kf7 Bxg4 45. Kg6 Bxh5+ 46. Kxh5 Kd7 47. Kg4 Ke6 48. a3 Kxe5 49. a4 a5 50. Kh5 Kf4 51. Kxh6 0-1

[Event "Scarborough CC Jack Frost U1400"]
[Site "Toronto CAN"]
[Date "2012.01.19"]
[Round "3"]
[White "Ming, Qing"]
[Black "Lu, Leo"]
[Result "1-0"]
[WhiteElo "1109"]
[BlackElo "945"]
[PlyCount "23"]
[GameId "2160767909573078"]
[EventDate "2012.01.05"]
[EventType "swiss"]
[EventRounds "6"]
[EventCountry "CAN"]
[SourceTitle "EXT 2022"]
[Source "ChessBase"]
[SourceDate "2021.10.06"]
[SourceVersion "1"]
[SourceVersionDate "2021.10.06"]
[SourceQuality "1"]

1. e4 e5 2. Nf3 Nf6 3. Nc3 Nc6 4. d4 d5 5. exd5 Nxd5 6. dxe5 Ncb4 7. a3 Nc6 8. Nxd5 Na5 9. Bg5 Qd7 10. b4 h6 11. Bh4 Qg4 12. Nxc7# 1-0

[Event "Scarborough CC Jack Frost U1400"]
[Site "Toronto CAN"]
[Date "2012.01.19"]
[Round "3"]
[White "Nasirov, Ildar"]
[Black "Patel, Saiyam"]
[Result "1-0"]
[WhiteElo "1191"]
[BlackElo "898"]
[PlyCount "53"]
[GameId "2160767909573079"]
[EventDate "2012.01.05"]
[EventType "swiss"]
[EventRounds "6"]
[EventCountry "CAN"]
[SourceTitle "EXT 2022"]
[Source "ChessBase"]
[SourceDate "2021.10.06"]
[SourceVersion "1"]
[SourceVersionDate "2021.10.06"]
[SourceQuality "1"]

1. e4 e6 2. Nf3 g6 3. Nc3 Qf6 4. d4 Bh6 5. e5 Qf5 6. Bd3 Qg4 7. O-O d6 8. Ne2 f6 9. h3 Qh5 10. Ng3 Bxc1 11. Nxh5 Bxb2 12. Rb1 dxe5 13. Rxb2 gxh5 14. dxe5 fxe5 15. Qe2 Na6 16. Qxe5 Nb4 17. Qxh8 b6 18. Qxg8+ Ke7 19. Rxb4 a5 20. Qg5+ Kf7 21. Rf4+ Ke8 22. Bb5+ Bd7 23. Qg8+ Ke7 24. Qxa8 Bxb5 25. Re1 e5 26. Rxe5+ Kd6 27. Qd5# 1-0

[Event "Scarborough CC Jack Frost U1400"]
[Site "Toronto CAN"]
[Date "2012.01.19"]
[Round "3"]
[White "Roy, Harrison"]
[Black "Magee, Bruce"]
[Result "0-1"]
[WhiteElo "879"]
[BlackElo "627"]
[PlyCount "24"]
[GameId "2160767909573081"]
[EventDate "2012.01.05"]
[EventType "swiss"]
[EventRounds "6"]
[EventCountry "CAN"]
[SourceTitle "EXT 2022"]
[Source "ChessBase"]
[SourceDate "2021.10.06"]
[SourceVersion "1"]
[SourceVersionDate "2021.10.06"]
[SourceQuality "1"]

1. e4 e5 2. Nf3 Nc6 3. Bb5 a6 4. Ba4 Bc5 5. Nc3 Nf6 6. Bxc6 dxc6 7. Nxe5 Qd4 8. Ng4 Nxg4 9. Qxg4 Bxg4 10. O-O O-O-O 11. Re1 Qxf2+ 12. Kh1 Qxe1# 0-1

[Event "Scarborough CC Jack Frost U1400"]
[Site "Toronto CAN"]
[Date "2012.01.19"]
[Round "3"]
[White "Roy, Lawrence"]
[Black "Balendra, Harigaran"]
[Result "0-1"]
[WhiteElo "1032"]
[BlackElo "1181"]
[PlyCount "107"]
[GameId "2160767909573082"]
[EventDate "2012.01.05"]
[EventType "swiss"]
[EventRounds "6"]
[EventCountry "CAN"]
[SourceTitle "EXT 2022"]
[Source "ChessBase"]
[SourceDate "2021.10.06"]
[SourceVersion "1"]
[SourceVersionDate "2021.10.06"]
[SourceQuality "1"]

1. e4 c5 2. Nf3 Nc6 3. d4 cxd4 4. Nxd4 Nf6 5. Nc3 e5 6. Nxc6 bxc6 7. Be2 Bb4 8. Bd2 O-O 9. O-O d6 10. a3 Bxc3 11. Bxc3 Nxe4 12. Bd2 Qb6 13. Rb1 Be6 14. Be3 Qc7 15. Bf3 Nf6 16. b4 d5 17. Re1 Bf5 18. Ra1 Rfe8 19. Bg5 Nd7 20. Bd2 f6 21. b5 Nb6 22. bxc6 Qxc6 23. Be3 Rad8 24. Bxb6 axb6 25. c4 e4 26. Be2 dxc4 27. Qc1 b5 28. a4 Rc8 29. axb5 Qxb5 30. Rb1 Qd5 31. Rb4 c3 32. Rb5 Qf7 33. Rxf5 g6 34. Ra5 Kg7 35. h3 Qc7 36. Qa1 Qb6 37. Ra7+ Kg8 38. Qa2+ Qe6 39. Qxe6+ Rxe6 40. Rc1 Rd6 41. f3 exf3 42. Bxf3 c2 43. Ra2 Rd2 44. g4 Rc3 45. Kf1 Rxf3+ 46. Ke1 Rh2 47. Rcxc2 Rxc2 48. Rxc2 Rxh3 49. Rc6 Rg3 50. Rxf6 Rxg4 51. Rd6 Rg5 52. Kf2 h5 53. Kf3 Kg7 54. Kf4 0-1

[Event "Scarborough CC Jack Frost U1400"]
[Site "Toronto CAN"]
[Date "2012.01.19"]
[Round "3"]
[White "Wu, Mark"]
[Black "Dattani, Dinesh"]
[Result "0-1"]
[WhiteElo "1050"]
[BlackElo "1237"]
[PlyCount "44"]
[GameId "2160767909573083"]
[EventDate "2012.01.05"]
[EventType "swiss"]
[EventRounds "6"]
[EventCountry "CAN"]
[SourceTitle "EXT 2022"]
[Source "ChessBase"]
[SourceDate "2021.10.06"]
[SourceVersion "1"]
[SourceVersionDate "2021.10.06"]
[SourceQuality "1"]

1. e4 e5 2. Nf3 d6 3. Nc3 Nf6 4. d4 exd4 5. Nxd4 Be7 6. Be2 O-O 7. O-O Nbd7 8. Nf5 Re8 9. Re1 Bf8 10. Bd3 Ne5 11. Ng3 Nxd3 12. cxd3 Ng4 13. h3 Ne5 14. d4 Ng6 15. Qf3 Nh4 16. Qd1 g6 17. Bd2 Bg7 18. d5 Bd4 19. Bh6 Qf6 20. Qd2 Bxh3 21. Re2 Nf3+ 22. gxf3 Qxf3 0-1

[Event "Scarborough CC Jack Frost U1400"]
[Site "Toronto CAN"]
[Date "2012.01.19"]
[Round "3"]
[White "Yu, Tianxi"]
[Black "Liu, Daniel1"]
[Result "1/2-1/2"]
[WhiteElo "977"]
[BlackElo "1122"]
[PlyCount "76"]
[GameId "2160767909573084"]
[EventDate "2012.01.05"]
[EventType "swiss"]
[EventRounds "6"]
[EventCountry "CAN"]
[SourceTitle "EXT 2022"]
[Source "ChessBase"]
[SourceDate "2021.10.06"]
[SourceVersion "1"]
[SourceVersionDate "2021.10.06"]
[SourceQuality "1"]

1. e4 e5 2. Nf3 Nc6 3. d4 exd4 4. Nxd4 Qe7 5. Nc3 Nxd4 6. Qxd4 Qc5 7. Be3 Qxd4 8. Bxd4 b6 9. Bc4 Bb7 10. O-O f6 11. e5 O-O-O 12. exf6 Nxf6 13. Rfe1 Bd6 14. Be5 Bxe5 15. Rxe5 Rhe8 16. Rae1 a6 17. Rxe8 Rxe8 18. Rxe8+ Nxe8 19. f3 Nf6 20. Kf2 Kd8 21. Ke3 g5 22. Bd3 Ke7 23. Ne4 Bxe4 24. fxe4 a5 25. g3 h6 26. Kd4 c5+ 27. Ke5 Ng4+ 28. Kf5 Nxh2 29. Kg6 Ng4 30. Kh5 Ne3 31. Kxh6 c4 32. Be2 Nxc2 33. Bxc4 Kf6 34. Bb3 Nd4 35. Ba4 d6 36. Kh5 b5 37. Bb3 b4 38. Kg4 Ne2 1/2-1/2

[Event "Scarborough CC Jack Frost U1400"]
[Site "Toronto CAN"]
[Date "2012.01.19"]
[Round "3"]
[White "Zhao, Yanchun"]
[Black "Ming, Wenyang"]
[Result "1/2-1/2"]
[WhiteElo "1285"]
[BlackElo "1200"]
[PlyCount "82"]
[GameId "2160767909573085"]
[EventDate "2012.01.05"]
[EventType "swiss"]
[EventRounds "6"]
[EventCountry "CAN"]
[SourceTitle "EXT 2022"]
[Source "ChessBase"]
[SourceDate "2021.10.06"]
[SourceVersion "1"]
[SourceVersionDate "2021.10.06"]
[SourceQuality "1"]

1. d4 d5 2. c4 e6 3. Nf3 Nf6 4. Nc3 c5 5. e3 Nc6 6. cxd5 exd5 7. dxc5 Bxc5 8. h3 O-O 9. Be2 Re8 10. O-O Be6 11. Bb5 a6 12. Ba4 h6 13. Bb3 d4 14. exd4 Nxd4 15. Nxd4 Qxd4 16. Bxe6 Rxe6 17. Na4 Qxd1 18. Rxd1 Bd6 19. Be3 Rd8 20. Nc5 Re7 21. Rd3 Bc7 22. Rad1 Rxd3 23. Rxd3 Bb6 24. b4 Bxc5 25. Bxc5 Rd7 26. Rxd7 Nxd7 27. Bd4 f5 28. g4 g6 29. f4 Kf7 30. Kf2 Nf6 31. Bxf6 Kxf6 32. Ke3 Ke6 33. Kd4 Kd6 34. a3 b6 35. a4 h5 36. gxh5 gxh5 37. h4 Ke6 38. a5 bxa5 39. bxa5 Kd6 40. Kc4 Kc6 41. Kd4 Kd6 1/2-1/2

[Event "Scarborough CC Jack Frost U1400"]
[Site "Toronto CAN"]
[Date "2012.01.26"]
[Round "4"]
[White "Balendra, Harigaran"]
[Black "Ming, Qing"]
[Result "1-0"]
[WhiteElo "1181"]
[BlackElo "1109"]
[PlyCount "27"]
[GameId "2160767909573086"]
[EventDate "2012.01.05"]
[EventType "swiss"]
[EventRounds "6"]
[EventCountry "CAN"]
[SourceTitle "EXT 2022"]
[Source "ChessBase"]
[SourceDate "2021.10.06"]
[SourceVersion "1"]
[SourceVersionDate "2021.10.06"]
[SourceQuality "1"]

1. e4 d6 2. d4 Nf6 3. Nc3 e6 4. Bg5 Be7 5. Bd3 Nc6 6. Nge2 h6 7. Be3 Ng4 8. Qd2 Nb4 9. a3 Nxe3 10. Qxe3 Nxc2+ 11. Bxc2 Bg5 12. Qd3 O-O 13. e5 b6 14. Qh7# 1-0

[Event "Scarborough CC Jack Frost U1400"]
[Site "Toronto CAN"]
[Date "2012.01.26"]
[Round "4"]
[White "Deng, Yi"]
[Black "Lin, Benjamin1"]
[Result "0-1"]
[WhiteElo "999"]
[BlackElo "1286"]
[PlyCount "97"]
[GameId "2160767909573087"]
[EventDate "2012.01.05"]
[EventType "swiss"]
[EventRounds "6"]
[EventCountry "CAN"]
[SourceTitle "EXT 2022"]
[Source "ChessBase"]
[SourceDate "2021.10.06"]
[SourceVersion "1"]
[SourceVersionDate "2021.10.06"]
[SourceQuality "1"]

1. e4 c5 2. Bc4 Nc6 3. Nf3 e6 4. d3 Nge7 5. Be3 d5 6. exd5 exd5 7. Bb5 a6 8. Bxc6+ Nxc6 9. h3 Be7 10. O-O O-O 11. d4 c4 12. Nc3 Be6 13. b3 cxb3 14. cxb3 Bf6 15. Qd3 Nb4 16. Qd2 Rc8 17. a3 Nc6 18. Na4 Na5 19. Rab1 Bf5 20. Rb2 Re8 21. Re1 Nc6 22. Nc5 Qc7 23. Bg5 Rxe1+ 24. Nxe1 Bxd4 25. Bf4 Qe7 26. Ra2 Bxc5 27. b4 Nxb4 28. axb4 Bxb4 29. Qe2 Qxe2 30. Rxe2 Bxe1 31. Rxe1 Be6 32. Rb1 b5 33. Bd2 Kf8 34. Kf1 Ke7 35. Ra1 Rc6 36. Ra3 h5 37. Rg3 g6 38. Ke2 Kd7 39. Ra3 Kc7 40. Be3 Kb7 41. f4 Rc4 42. Kd2 Rc6 43. Ra5 Bf5 44. Ra3 Rc2+ 45. Ke1 Rxg2 46. Bf2 g5 47. fxg5 Rxg5 48. Rf3 Bg6 49. Bh4 0-1

[Event "Scarborough CC Jack Frost U1400"]
[Site "Toronto CAN"]
[Date "2012.01.26"]
[Round "4"]
[White "Guo, Thomas"]
[Black "Nasirov, Ildar"]
[Result "1-0"]
[WhiteElo "1078"]
[BlackElo "1191"]
[PlyCount "51"]
[GameId "2160767909573088"]
[EventDate "2012.01.05"]
[EventType "swiss"]
[EventRounds "6"]
[EventCountry "CAN"]
[SourceTitle "EXT 2022"]
[Source "ChessBase"]
[SourceDate "2021.10.06"]
[SourceVersion "1"]
[SourceVersionDate "2021.10.06"]
[SourceQuality "1"]

1. e4 e5 2. Nf3 Nc6 3. Bc4 Nf6 4. Ng5 d5 5. exd5 Nxd5 6. Nxf7 Kxf7 7. Qf3+ Ke6 8. Nc3 Nce7 9. O-O c6 10. Re1 Qd6 11. d4 Kd7 12. dxe5 Qc5 13. e6+ Ke8 14. Qf7+ Kd8 15. Bxd5 cxd5 16. Be3 Qc6 17. Bg5 h6 18. Bxe7+ Bxe7 19. Nxd5 Qxd5 20. Rad1 Bxe6 21. Rxd5+ Bxd5 22. Qxd5+ Kc7 23. Rxe7+ Kb6 24. Qd6+ Kb5 25. Re5+ Kc4 26. Qc5# 1-0

[Event "Scarborough CC Jack Frost U1400"]
[Site "Toronto CAN"]
[Date "2012.01.26"]
[Round "4"]
[White "Lu, Leo"]
[Black "Jimenez, Michael"]
[Result "0-1"]
[WhiteElo "945"]
[BlackElo "891"]
[PlyCount "62"]
[GameId "2160767909573089"]
[EventDate "2012.01.05"]
[EventType "swiss"]
[EventRounds "6"]
[EventCountry "CAN"]
[SourceTitle "EXT 2022"]
[Source "ChessBase"]
[SourceDate "2021.10.06"]
[SourceVersion "1"]
[SourceVersionDate "2021.10.06"]
[SourceQuality "1"]

1. e4 e5 2. Nf3 Nc6 3. Bc4 Nf6 4. Nc3 d6 5. d3 Bg4 6. h3 Bh5 7. g4 Bg6 8. d4 Be7 9. h4 O-O 10. h5 Bxe4 11. Nxe4 Nxe4 12. h6 g6 13. Qd3 d5 14. Nxe5 Nb4 15. Qe2 Bg5 16. c3 Nc6 17. f4 Bh4+ 18. Kd1 Ng3 19. Qg2 Nxh1 20. f5 Nf2+ 21. Ke2 dxc4 22. Nxc4 Re8+ 23. Kf1 b5 24. g5 bxc4 25. fxg6 Qe7 26. gxh7+ Kh8 27. Bf4 Qe2+ 28. Kg1 Re4 29. g6 Rxf4 30. Qxc6 Qg4+ 31. Kf1 Nd3+ 0-1

[Event "Scarborough CC Jack Frost U1400"]
[Site "Toronto CAN"]
[Date "2012.01.26"]
[Round "4"]
[White "Magee, Bruce"]
[Black "Kaneshalingam, Mathanhe"]
[Result "1/2-1/2"]
[WhiteElo "627"]
[BlackElo "1027"]
[PlyCount "51"]
[GameId "2160767909573090"]
[EventDate "2012.01.05"]
[EventType "swiss"]
[EventRounds "6"]
[EventCountry "CAN"]
[SourceTitle "EXT 2022"]
[Source "ChessBase"]
[SourceDate "2021.10.06"]
[SourceVersion "1"]
[SourceVersionDate "2021.10.06"]
[SourceQuality "1"]

1. d4 d5 2. Nf3 Nf6 3. e3 Nc6 4. Bb5 Bg4 5. h3 Bd7 6. Nc3 e6 7. O-O Bd6 8. Re1 O-O 9. e4 Bb4 10. Bd2 Bxc3 11. bxc3 Nxe4 12. Bd3 Nxd2 13. Qxd2 h6 14. Ne5 Nxe5 15. Rxe5 f5 16. g3 Qg5 17. Qxg5 hxg5 18. g4 g6 19. c4 c6 20. cxd5 cxd5 21. a4 a6 22. a5 Rfe8 23. Rae1 Kf7 24. c4 Rab8 25. Kf1 Bc6 26. c5 1/2-1/2

[Event "Scarborough CC Jack Frost U1400"]
[Site "Toronto CAN"]
[Date "2012.01.26"]
[Round "4"]
[White "Maurer, Hans"]
[Black "Chen, George"]
[Result "0-1"]
[WhiteElo "945"]
[BlackElo "1277"]
[PlyCount "72"]
[GameId "2160767909573092"]
[EventDate "2012.01.05"]
[EventType "swiss"]
[EventRounds "6"]
[EventCountry "CAN"]
[SourceTitle "EXT 2022"]
[Source "ChessBase"]
[SourceDate "2021.10.06"]
[SourceVersion "1"]
[SourceVersionDate "2021.10.06"]
[SourceQuality "1"]

1. e4 c5 2. Bc4 Nc6 3. d3 Nf6 4. Nc3 d6 5. h3 e6 6. Nf3 Be7 7. Be3 O-O 8. Ng5 h6 9. Nf3 Ne8 10. d4 cxd4 11. Nxd4 Bf6 12. Ndb5 a6 13. Nd4 Nxd4 14. Bxd4 Bxd4 15. Qxd4 Qf6 16. Ne2 Qxd4 17. Nxd4 Nf6 18. f3 e5 19. Nf5 Bxf5 20. exf5 d5 21. Bb3 Rfd8 22. Rd1 d4 23. O-O Nd5 24. Rfe1 Ne3 25. Rd3 Re8 26. Ba4 b5 27. Bb3 Nxf5 28. c3 h5 29. g4 hxg4 30. hxg4 Ne3 31. Kf2 Kf8 32. a4 f6 33. Bc2 Nxc2 34. Re2 Ne3 35. cxd4 exd4 36. Red2 Nc4 0-1

[Event "Scarborough CC Jack Frost U1400"]
[Site "Toronto CAN"]
[Date "2012.01.26"]
[Round "4"]
[White "Mendrinos, Ari"]
[Black "Yu, Tianxi"]
[Result "0-1"]
[WhiteElo "1363"]
[BlackElo "977"]
[PlyCount "86"]
[GameId "2160767909573093"]
[EventDate "2012.01.05"]
[EventType "swiss"]
[EventRounds "6"]
[EventCountry "CAN"]
[SourceTitle "EXT 2022"]
[Source "ChessBase"]
[SourceDate "2021.10.06"]
[SourceVersion "1"]
[SourceVersionDate "2021.10.06"]
[SourceQuality "1"]

1. c4 e5 2. Nc3 Bc5 3. g3 d6 4. Bg2 Nf6 5. Ne4 Nc6 6. a3 Nxe4 7. Bxe4 Qf6 8. e3 Bf5 9. Bxf5 Qxf5 10. Qf3 Qxf3 11. Nxf3 e4 12. Ng5 Ne5 13. Nxe4 Nxc4 14. Nxc5 dxc5 15. O-O f5 16. b3 Nd6 17. d3 b5 18. Bd2 O-O-O 19. Rfc1 Nb7 20. d4 cxd4 21. exd4 Rxd4 22. Bc3 Rd7 23. a4 bxa4 24. Rxa4 Nc5 25. Rxa7 Nxb3 26. Ra8+ Kb7 27. Rxh8 Nxc1 28. Kg2 g6 29. Rg8 c5 30. Rg7 Rxg7 31. Bxg7 Kc6 32. Kf3 Nd3 33. Ke3 Nb4 34. Kd2 Kd5 35. f3 c4 36. Bf6 Nc6 37. Bg7 Ne5 38. Bxe5 Kxe5 39. Kc3 Kd5 40. h3 h6 41. g4 fxg4 42. fxg4 g5 43. Kd2 Ke4 0-1

[Event "Scarborough CC Jack Frost U1400"]
[Site "Toronto CAN"]
[Date "2012.01.26"]
[Round "4"]
[White "Ming, Wenyang"]
[Black "Dattani, Dinesh"]
[Result "0-1"]
[WhiteElo "1200"]
[BlackElo "1237"]
[PlyCount "108"]
[GameId "2160767909573094"]
[EventDate "2012.01.05"]
[EventType "swiss"]
[EventRounds "6"]
[EventCountry "CAN"]
[SourceTitle "EXT 2022"]
[Source "ChessBase"]
[SourceDate "2021.10.06"]
[SourceVersion "1"]
[SourceVersionDate "2021.10.06"]
[SourceQuality "1"]

1. e4 e5 2. Nf3 d6 3. Bc4 Be7 4. d4 exd4 5. Nxd4 Nf6 6. Nc3 O-O 7. O-O c6 8. h3 Re8 9. Re1 Nbd7 10. Bf4 Ne5 11. Bxe5 dxe5 12. Nf3 Qc7 13. Ng5 Rf8 14. Qd2 Bd7 15. Rad1 Rad8 16. Qe3 b6 17. Rd3 Bc5 18. Qf3 h6 19. Bxf7+ Rxf7 20. Nxf7 Kxf7 21. Red1 Kg8 22. Na4 Be7 23. a3 c5 24. Nc3 Rf8 25. Qe3 c4 26. Nd5 Nxd5 27. Rxd5 Bc6 28. Qd2 Bxd5 29. Qxd5+ Kh7 30. Qd7 Qxd7 31. Rxd7 Bc5 32. Rxa7 Rxf2 33. Kh2 Rxc2 34. Ra4 b5 35. Ra5 Rxb2 36. a4 Bb6 37. Ra8 bxa4 38. Rxa4 c3 39. Rc4 Bd4 40. Kg3 Kg6 41. Kf3 Kg5 42. Kg3 Rf2 43. Rxc3 Bxc3 44. Kxf2 Kf4 45. g3+ Kxe4 46. Ke2 g5 47. Kf2 Kd3 48. h4 gxh4 49. gxh4 e4 50. h5 e3+ 51. Kg2 e2 52. Kh2 e1=Q 53. Kg2 Be5 54. Kh3 Qg3# 0-1

[Event "Scarborough CC Jack Frost U1400"]
[Site "Toronto CAN"]
[Date "2012.01.26"]
[Round "4"]
[White "Paraparan, Varshini"]
[Black "Zhao, Yanchun"]
[Result "0-1"]
[WhiteElo "1049"]
[BlackElo "1285"]
[PlyCount "102"]
[GameId "2160767909573095"]
[EventDate "2012.01.05"]
[EventType "swiss"]
[EventRounds "6"]
[EventCountry "CAN"]
[SourceTitle "EXT 2022"]
[Source "ChessBase"]
[SourceDate "2021.10.06"]
[SourceVersion "1"]
[SourceVersionDate "2021.10.06"]
[SourceQuality "1"]

1. e4 c5 2. Nf3 Nc6 3. Nc3 Nf6 4. Be2 d6 5. O-O e6 6. b3 a6 7. Bb2 g6 8. Re1 Bg7 9. d3 O-O 10. h3 Re8 11. Bf1 b5 12. a3 Rb8 13. Nb1 Qb6 14. d4 Bb7 15. e5 dxe5 16. dxe5 Nh5 17. Qc1 c4 18. g4 Ng3 19. Bg2 cxb3 20. Qe3 Qxe3 21. Rxe3 bxc2 22. Nc3 Bh6 23. Ree1 b4 24. axb4 Nxb4 25. fxg3 Nd3 26. Rf1 Be3+ 27. Kh1 Nxb2 28. Ne2 Nd3 29. Ra3 Be4 30. Ne1 Bxg2+ 31. Kxg2 Nxe1+ 32. Rxe1 Rb1 33. Ra1 Reb8 34. Nc3 Rxa1 35. Rxa1 Rb3 36. Ne2 Rb1 37. Ra2 c1=Q 38. Nxc1 Bxc1 39. Rxa6 Rb5 40. Rc6 Bb2 41. Rc2 Bxe5 42. Rf2 Bd4 43. Rd2 e5 44. h4 h6 45. Ra2 e4 46. Ra4 Rd5 47. g5 hxg5 48. hxg5 e3 49. Kf3 Rf5+ 50. Ke4 e2 51. Kxd4 e1=Q 0-1

[Event "Scarborough CC Jack Frost U1400"]
[Site "Toronto CAN"]
[Date "2012.01.26"]
[Round "4"]
[White "Pulogarajah, Kaarthic"]
[Black "Pakerathan, Thurvan"]
[Result "0-1"]
[WhiteElo "1053"]
[BlackElo "867"]
[PlyCount "61"]
[GameId "2160767909573096"]
[EventDate "2012.01.05"]
[EventType "swiss"]
[EventRounds "6"]
[EventCountry "CAN"]
[SourceTitle "EXT 2022"]
[Source "ChessBase"]
[SourceDate "2021.10.06"]
[SourceVersion "1"]
[SourceVersionDate "2021.10.06"]
[SourceQuality "1"]

1. e4 e5 2. d4 d6 3. Nf3 Bg4 4. h3 Bxf3 5. Qxf3 exd4 6. Bc4 Nf6 7. Bg5 h6 8. Bxf6 Qxf6 9. O-O Na6 10. Bxa6 bxa6 11. e5 Qxf3 12. gxf3 dxe5 13. c3 dxc3 14. Nxc3 O-O-O 15. Rad1 Rxd1 16. Rxd1 Bb4 17. Nd5 Rd8 18. a3 c6 19. axb4 Rxd5 20. Rxd5 cxd5 21. Kf1 e4 22. fxe4 dxe4 23. Ke2 f5 24. Ke3 Kb7 25. f3 exf3 26. Kxf3 Kb6 27. h4 Kb5 28. h5 Kxb4 29. Kf4 Kb3 30. Kxf5 Kxb2 31. Kg6 0-1

[Event "Scarborough CC Jack Frost U1400"]
[Site "Toronto CAN"]
[Date "2012.02.02"]
[Round "5"]
[White "Deng, Yi"]
[Black "Ming, Wenyang"]
[Result "0-1"]
[WhiteElo "999"]
[BlackElo "1200"]
[PlyCount "56"]
[GameId "2160767909573097"]
[EventDate "2012.01.05"]
[EventType "swiss"]
[EventRounds "6"]
[EventCountry "CAN"]
[SourceTitle "EXT 2022"]
[Source "ChessBase"]
[SourceDate "2021.10.06"]
[SourceVersion "1"]
[SourceVersionDate "2021.10.06"]
[SourceQuality "1"]

1. e4 c5 2. Bc4 e6 3. Nf3 Nc6 4. Nc3 Nge7 5. d3 d5 6. exd5 exd5 7. Bb5 a6 8. Bxc6+ Nxc6 9. O-O Be7 10. d4 Be6 11. dxc5 Bxc5 12. Re1 O-O 13. Ng5 Re8 14. Qd3 Bf5 15. Rxe8+ Qxe8 16. Qd1 Bxc2 17. Qf1 Rd8 18. Bd2 d4 19. Ne2 Bd3 20. Qc1 Qxe2 21. Nf3 Be4 22. Qxc5 Bxf3 23. Bg5 Rd5 24. Qb6 Rxg5 25. g3 Re5 26. h4 Qe1+ 27. Kh2 Qxf2+ 28. Kh3 Qg2# 0-1

[Event "Scarborough CC Jack Frost U1400"]
[Site "Toronto CAN"]
[Date "2012.02.02"]
[Round "5"]
[White "Kaneshalingam, Mathanhe"]
[Black "Mahoney, Sean"]
[Result "0-1"]
[WhiteElo "1027"]
[BlackElo "763"]
[PlyCount "60"]
[GameId "2160767909573098"]
[EventDate "2012.01.05"]
[EventType "swiss"]
[EventRounds "6"]
[EventCountry "CAN"]
[SourceTitle "EXT 2022"]
[Source "ChessBase"]
[SourceDate "2021.10.06"]
[SourceVersion "1"]
[SourceVersionDate "2021.10.06"]
[SourceQuality "1"]

1. e4 e5 2. Nf3 Nc6 3. Bc4 h6 4. Nc3 Nf6 5. d3 Bc5 6. O-O Bd4 7. Be3 Bxc3 8. bxc3 d5 9. exd5 Nxd5 10. Qd2 O-O 11. h3 Be6 12. Bxd5 Bxd5 13. Qe2 f5 14. Nh2 e4 15. d4 Na5 16. Qd2 Rf6 17. f3 Nc4 18. Qf2 c6 19. f4 Qa5 20. Bd2 e3 21. Bxe3 Qxc3 22. Rfe1 Re8 23. Nf1 Rg6 24. g3 h5 25. h4 Nd6 26. Qh2 Ne4 27. a4 Nxg3 28. Nxg3 Rxe3 29. Rxe3 Qxe3+ 30. Kf1 Rxg3 0-1

[Event "Scarborough CC Jack Frost U1400"]
[Site "Toronto CAN"]
[Date "2012.02.02"]
[Round "5"]
[White "Lin, Benjamin1"]
[Black "Guo, Thomas"]
[Result "1-0"]
[WhiteElo "1286"]
[BlackElo "1078"]
[PlyCount "49"]
[GameId "2160767909573099"]
[EventDate "2012.01.05"]
[EventType "swiss"]
[EventRounds "6"]
[EventCountry "CAN"]
[SourceTitle "EXT 2022"]
[Source "ChessBase"]
[SourceDate "2021.10.06"]
[SourceVersion "1"]
[SourceVersionDate "2021.10.06"]
[SourceQuality "1"]

1. c4 e5 2. Nc3 Nc6 3. d3 Bb4 4. Bd2 Nf6 5. e4 Nd4 6. Nge2 d6 7. h3 Be6 8. Nxd4 exd4 9. Nd5 Bxd2+ 10. Qxd2 c6 11. Nf4 d5 12. Nxe6 fxe6 13. cxd5 cxd5 14. f3 e5 15. Be2 Rc8 16. O-O O-O 17. Rac1 Rf7 18. Rxc8 Qxc8 19. Rc1 Rc7 20. Rxc7 Qxc7 21. Bd1 Kf8 22. Qb4+ Ke8 23. Ba4+ Kd8 24. Qf8+ Ne8 25. Qxe8# 1-0

[Event "Scarborough CC Jack Frost U1400"]
[Site "Toronto CAN"]
[Date "2012.02.02"]
[Round "5"]
[White "Liu, Daniel1"]
[Black "Patel, Alay"]
[Result "1-0"]
[WhiteElo "1122"]
[BlackElo "888"]
[PlyCount "33"]
[GameId "2160767909573100"]
[EventDate "2012.01.05"]
[EventType "swiss"]
[EventRounds "6"]
[EventCountry "CAN"]
[SourceTitle "EXT 2022"]
[Source "ChessBase"]
[SourceDate "2021.10.06"]
[SourceVersion "1"]
[SourceVersionDate "2021.10.06"]
[SourceQuality "1"]

1. e4 e6 2. Nf3 Nf6 3. e5 Ne4 4. Qe2 d5 5. exd6 Nxd6 6. Nc3 b6 7. Qe3 Nf5 8. Qe4 c6 9. d3 Nd6 10. Qe2 Ba6 11. Be3 c5 12. O-O-O Qc8 13. Bf4 c4 14. dxc4 Bxc4 15. Qd2 Ne4 16. Nxe4 Qa6 17. Qd8# 1-0